00201nam a2200061Ia 4500245002400000100007400024008004100098 0aDonker sy van roem  a KONSALIK, Heinz G. (Heinz Gunther) Pretoria, 1993 Grootdrukuitg 210817s9999 xx 000 0 und d